=LDR 00000nam 2200000 4500 =001 NUTBA000000000001053 =005 20141229121500.0 =006 =007 =008 =020 ##$$a978-979-010-784 =035 ##$$0010-041400000000323 =082 ##$$a371.2 =100 ##$$ahayat, bahrul =245 ##$$amutu pendidikan =260 ##$$a jakarta $b bumi aksara $c 2010 =440 ##$$amutu pendidikan =700 ##$$ahayat, bahrul =990 ##$$a 93340/BPAP-NTB/2014 =990 ##$$a 21196514/BPAP-NTB/2014 =990 ##$$a 0001/BPAP-NTB/2015